|
|
|
|
| LEADER |
00000nam0a2200000 4500 |
| 001 |
286198 |
| 005 |
20260225105845.0 |
| 035 |
|
|
|a (RuTPU)RU\TPU\book\310493
|
| 090 |
|
|
|a 286198
|
| 100 |
|
|
|a 20150303d1975 m y0rusy5003 ca
|
| 101 |
0 |
|
|a rus
|
| 102 |
|
|
|a RU
|
| 105 |
|
|
|a ac z 000zb
|
| 200 |
1 |
|
|a Рихард Зорге
|f М. В. Колесникова, М. С. Колесников
|
| 205 |
|
|
|a 2-е изд., испр. и доп.
|
| 210 |
|
|
|a Москва
|c Молодая гвардия
|d 1975
|
| 215 |
|
|
|a 320 с.
|c ил.
|
| 225 |
1 |
|
|a Жизнь замечательных людей. Серия биографий
|a Вып. 4(500)
|
| 600 |
|
1 |
|a Зорге
|b Р.
|c российский разведчик, журналист
|f 1895-1944
|g Рихард
|c Герой Советского Союза
|2 stltpush
|3 (RuTPU)RU\TPU\pers\24876
|
| 606 |
|
|
|a Советская разведка
|x История
|9 89183
|
| 610 |
1 |
|
|a Герои Советского Союза
|
| 610 |
1 |
|
|a история
|
| 610 |
1 |
|
|a Япония
|
| 610 |
1 |
|
|a биографии
|
| 610 |
1 |
|
|a персоналии
|
| 610 |
1 |
|
|a жизнь
|
| 610 |
1 |
|
|a деятельность
|
| 686 |
|
|
|a Т3(2)6-3
|2 rubbk
|
| 700 |
|
1 |
|a Колесникова
|b М. В.
|g Мария Васильевна
|4 070
|
| 701 |
|
1 |
|a Колесников
|b М. С.
|g Михаил Сергеевич
|4 070
|
| 801 |
|
0 |
|a RU
|b RuMRKP
|c 19950704
|g psbo
|
| 801 |
|
1 |
|a RU
|b 63413507
|c 20150303
|
| 801 |
|
2 |
|a RU
|b 63413507
|c 20170628
|g RCR
|
| 942 |
|
|
|c BK
|